000 04882nkm0a2200637 4500
001 RU\NLR\BIBL_A\022115664
005 20260204000000.0
035 _a(NLR Aleph) 022115664
071 5 0 _a874
_d10 к.
090 _a13517016
_c13517016
100 _a20260426 rusy50
101 0 _arus
102 _aRU
116 _adiybxx zz ae
135 _acrcn 024anaba
181 0 _ab4
_bxb2e
182 0 _an
200 1 _aГор. Пушкин
_iПамятник А. С. Пушкину (скульптор Р. Р. Бах, 1899)
_eпочтовая карточка
_fфото Н. Штерцера
_gредактор Ф. Ф. Нотгафт
203 _aИзображение
_bнеподвижное
_bдвухмерное
_bвизуальное
_cнепосредственное
210 _a[Ленинград]
_cИскусство
_d[1939 или 1940
_eЛенинград]
_gТипогр. "Лен. Правда"
215 _a1 л.
_cфотомех. печ.
_d10,7х15
300 _aЦенз. разрешение: Леноблгорлит № 4609
300 _aВ вып. дан.: Инд. Р-400 ; Заказ № 9538. В сведениях о тираже первая цифра отсутствует: "Тираж 0000 экз."
301 _aИзд. номер: № 874
316 _aЭкз. РНБ на шифре Э ОП/П913, инв.02612: 10,5х14,8 см
_5NLR: Э ОП/П913
325 _aКопия доступна в Электрон. б-ке РНБ
532 1 2 _aГород Пушкин. Памятник Александру Сергеевичу Пушкину (скульптор Роберт Романович Бах, 1899)
605 _aПамятник А.С.Пушкину. Пушкин
_jОткрытки
_92121914
_3RU\NLR\AUTH\661281217
606 1 _aПочтовые открытки маркированные художественные
_yСССР
_z1917 - 1941
_92195712
_3RU\NLR\AUTH\6601555037
606 1 _aФотографические открытки
_92151039
_3RU\NLR\AUTH\661600135
607 _aПушкин, город (Санкт-Петербург, город)
_jОткрытки
_92473223
_3RU\NLR\AUTH\661468710
610 1 _aВидовые открытки
617 _aСССР
_bРСФСР
_cЛенинградская область
_dЛенинград, город
_dПушкин, город
_eПамятник А. С. Пушкину
686 0 _aЩ153(2)7-489
702 1 _4600
_7ca
_8rus
_aШтерцер
_bН. Н.
_f1899-1943
_gНиколай Николаевич
_9230128
_3RU\NLR\AUTH\770230184
702 1 _4340
_7ca
_8rus
_aНотгафт
_bФ. Ф.
_f1886-1942
_gФёдор Фёдорович
_92706641
_3RU\NLR\AUTH\770292796
712 0 2 _4650
_a"Искусство", издательство
_bЛенинградское отделение
_cМосква
_9435883
_3RU\NLR\AUTH\880384788
712 0 2 _4610
_a"Ленинградская правда", типография
_9594421
_3RU\NLR\AUTH\8810047290
830 _aФ. Ф. Нотгафт: http://visz.nlr.ru/blockade/book/15/19460 (22.06.2017). А.Я. ОЭст
830 _a"Ленинградское отделение издательства "Искусство" Комитета по делам искусств при СНК СССР организовано на основании постановления СНК СССР от 26 апреля 1938 г. N УД-220-6 и приказа Комитета по делам искусств при СНК СССР N667 от 22 декабря 1938 г." (http://guides.rusarchives.ru/browse/guidebook.html?bid=402&sid=1202091, 22.06.2017). А.Я. ОЭст
830 _aПоступление (инв.02612): Ц. 1940 г. Акт № 1 Вкладн. л. АЯ ОЭФ
830 _aГраницы датировки открытки: 1939 - по другим открыткам с тем же номером заказа (см. сист. номер 012463459), 1940 - по поступлению в РНБ. АЯ ОЭФ
852 0 0 _aNLR
_bЭ
_jОП/П913
_mЭ184733
852 0 0 _aNLR
_bЭ
_jОП/П913
_mинв.02612
856 0 _uhttps://vivaldi.nlr.ru/lo500003331/view
856 1 _uhttps://vivaldi.nlr.ru/lo500003331/cover
856 2 _uhttps://vivaldi.nlr.ru/lo500003331/text
942 _cVISUAL
980 _aNB
981 4 3 _a(43) Тематическая подборка Санкт-Петербург
_b(43) Пригороды и города в составе большого Петербурга
981 3 4 _a(34) Санкт-Петербург
_b(34) Пригороды в открытке
981 1 7 _a(17) Изографические материалы
_b(17) Открытки